| 000 | 01139nam a2200301Ia 4500 | ||
|---|---|---|---|
| 001 | ebr10358702 | ||
| 003 | CaPaEBR | ||
| 006 | m u | ||
| 007 | cr cn||||||||| | ||
| 008 | 091002s2010 inua s 001 0 eng d | ||
| 010 | _z 2009038771 | ||
| 020 | _z9780470449585 (pbk.) | ||
| 040 |
_aCaPaEBR _cCaPaEBR |
||
| 035 | _a(OCoLC)608489646 | ||
| 050 | 1 | 4 |
_aQA76.9.V5 _bM36 2010eb |
| 082 | 0 | 4 |
_a005.4/3 _222 |
| 100 | 1 |
_aCerling, Tim, _d1952- |
|
| 245 | 1 | 0 |
_aMastering Microsoft virtualization _h[electronic resource] / _cTim Cerling ... [et al.]. |
| 260 |
_aIndianapolis, Ind. : _bWiley Pub., _cc2010. |
||
| 300 |
_axx, 556 p. : _bill. |
||
| 500 | _aIncludes index. | ||
| 533 |
_aElectronic reproduction. _bPalo Alto, Calif. : _cebrary, _d2010. _nAvailable via World Wide Web. _nAccess may be limited to ebrary affiliated libraries. |
||
| 630 | 0 | 0 | _aMicrosoft Windows server Hyper-V. |
| 650 | 0 | _aVirtual computer systems. | |
| 655 | 7 |
_aElectronic books. _2local |
|
| 710 | 2 | _aebrary, Inc. | |
| 856 | 4 | 0 |
_uhttp://site.ebrary.com/lib/rucke/Doc?id=10358702 _zAn electronic book accessible through the World Wide Web; click to view |
| 999 |
_c107333 _d107333 |
||